| 000 | 00564nam a2200217 a 4500 | ||
|---|---|---|---|
| 001 | 14386 | ||
| 003 | BD-JhCC | ||
| 005 | 20250907122515.0 | ||
| 008 | 250907b20062008nyua|||| ||a| 001 0 eng d | ||
| 020 | _a 9781862305274 | ||
| 035 | _a(BD-JhCC)14386 | ||
| 040 |
_aBD-JhCC _dBD-JhCC |
||
| 041 | _aenglish | ||
| 082 |
_a823.92 _bBOY 2008 |
||
| 100 | _a Boyne,John | ||
| 245 |
_a The boy in the striped pyjamas / _cJohn Boyne. |
||
| 260 |
_aLondon; _b Random House; _c 2008. |
||
| 300 |
_a215 p. : _bill; _c20 cm. |
||
| 650 | _aFriendship Fiction | ||
| 942 |
_2ddc _cBK |
||
| 999 |
_c14386 _d14386 |
||